000 01583cam a2200373 a 4500
001 4086307
003 000093
005 20220326193248.0
008 030116s2002 enka b 100 0 eng d
020 _a0952316145
035 _a(OCoLC)51459804
035 _a(OCoLC)ocm51459804
035 _a(NNC)4086307
040 _aCUS
_cCUS
_dCtY
050 4 _aN6485
_b.R4 2002
082 _a707
_bR438r
245 1 0 _aRe: trace dialogues :
_bessays on contemporary art and culture /
_cedited by Jagjit Chuhan, Angela Dimitrakaki, Emma Thomas.
246 3 _aRe:trace dialogues
246 3 0 _aTrace dialogues
246 3 0 _aEssays on contemporary art and culture
260 _aLiverpool :
_bLiverpool School of Art and Design (Center for Art International Research),
_c2002.
300 _a86 p. :
_bill. (some col.) ;
_c25 cm.
500 _a"Essays based on dialogues from the Trace: Memory, Materiality and Context in Contemporary Art conference staged in 1999 by the Centre for Art International Research (CAIR) at Liverpool School of Art and Design in collaboration with the Liverpool Biennial of Contemporary Art."
504 _aIncludes bibliographical references.
650 0 _aArt, Modern
_y20th century
_vCongresses.
_9409
650 0 _aArte moderno
_yS.XX
_vCongresos
_9410
650 0 _aEnsayos
_vArte
_vCultura
_9411
700 1 _aChuhan, Jagjit,
_d1955-
_9412
700 1 _aDēmētrakakē, Antzela,
_d1968-
_9413
700 1 _aThomas, Emma.
_9414
710 2 _aCentre for Art International Research.
_9415
711 2 _aLiverpool Biennial of Contemporary Art.
_9416
999 _c82
_d82